[Event "40º Torneo Internacional de Ajedrez de "]
[Site "La Roda (Albacete) - ESPAÑA"]
[Date "2013.03.27"]
[Round "1"]
[White "Nieves Cabanes, Jose Manuel"]
[Black "Korneev, Oleg"]
[Result "0-1"]
[WhiteElo "1979"]
[BlackElo "2609"]
[PlyCount "73"]
[EventDate "2013.03.27"]
[EventRounds "9"]
[EventCountry "ESP"]

1. d4 d5 2. c4 e6 3. Nc3 c6 4. Nf3 Nf6 5. Bg5 Nbd7 6. e3 Qa5 7. Bxf6 Nxf6 8.
Bd3 dxc4 9. Bxc4 Nd5 10. Qd2 Bb4 11. Rc1 O-O 12. O-O Rd8 13. Rfd1 Bd7 14. e4
Nxc3 15. bxc3 Ba3 16. Rb1 b5 17. Bd3 c5 18. Ne5 Be8 19. d5 f6 20. Nf3 c4 21.
Bc2 Bc5 22. Qe1 Qxa2 23. Rdc1 Qa6 24. dxe6 Qxe6 25. e5 a6 26. Be4 Bc6 27. Bxc6
Qxc6 28. Rc2 Re8 29. Re2 Re7 30. exf6 Qxf6 31. Rbb2 Rc8 32. Rxe7 Qxe7 33. Qa1
b4 34. h3 b3 35. Qxa6 Qe4 36. Qb5 Bd6 37. Qg5 0-1

[Event "40º Torneo Internacional de Ajedrez de "]
[Site "La Roda (Albacete) - ESPAÑA"]
[Date "2013.03.27"]
[Round "1"]
[White "Burmakin, Vladimir"]
[Black "Gimenez Menchon, Cesar"]
[Result "1-0"]
[WhiteElo "2577"]
[BlackElo "1978"]
[PlyCount "65"]
[EventDate "2013.03.27"]
[EventRounds "9"]
[EventCountry "ESP"]

1. Nf3 Nf6 2. d4 e6 3. g3 b6 4. Bg2 Bb7 5. c4 Bb4+ 6. Bd2 Qe7 7. O-O Bxd2 8.
Qxd2 d6 9. Qc2 Nbd7 10. Nc3 a6 11. Rfd1 O-O 12. d5 e5 13. b4 Nh5 14. e4 g6 15.
Qe2 Ng7 16. Rac1 f5 17. exf5 gxf5 18. Nd4 f4 19. Nc6 Qf7 20. Rd3 Rae8 21. Ne4
Nf6 22. c5 Nf5 23. cxb6 cxb6 24. Ng5 Qg6 25. Ne6 Rxe6 26. dxe6 Bxc6 27. Rxc6
Nd4 28. Rxd4 exd4 29. Rxd6 Qb1+ 30. Bf1 Qxb4 31. Qe5 Qc5 32. Qxc5 bxc5 33. e7
1-0

[Event "40º Torneo Internacional de Ajedrez de "]
[Site "La Roda (Albacete) - ESPAÑA"]
[Date "2013.03.27"]
[Round "1"]
[White "Perez Garcia, Alejandro"]
[Black "Sedlak, Nikola"]
[Result "0-1"]
[WhiteElo "1970"]
[BlackElo "2577"]
[PlyCount "86"]
[EventDate "2013.03.27"]
[EventRounds "9"]
[EventCountry "ESP"]

1. Nf3 Nf6 2. g3 g6 3. Bg2 Bg7 4. c4 O-O 5. O-O d6 6. Nc3 Nc6 7. Rb1 a5 8. a3
Bf5 9. d3 Qd7 10. b4 axb4 11. axb4 Bh3 12. b5 Nd8 13. Qb3 Bxg2 14. Kxg2 Ne6 15.
Ba3 h5 16. Nd5 Nxd5 17. cxd5 Nd4 18. Nxd4 Bxd4 19. Bb2 Bb6 20. f4 f6 21. f5
gxf5 22. Qc4 Rf7 23. Ra1 Re8 24. e4 fxe4 25. dxe4 Rg7 26. Rf5 h4 27. Ra3 Kf7
28. Raf3 Rh8 29. e5 dxe5 30. Bxe5 Ke8 31. Bc3 hxg3 32. h4 Rgh7 33. R5f4 Rh5 34.
Rd3 Rf5 35. Kxg3 Qd6 36. Bd2 Rhh5 37. Qa4 Kf7 38. Kg4 Re5 39. Qc4 Rxd5 40. Rdf3
Qe6+ 41. Kg3 Rxd2 42. Qc3 Qe1+ 43. Kh3 Qh1+ 0-1

[Event "40º Torneo Internacional de Ajedrez de "]
[Site "La Roda (Albacete) - ESPAÑA"]
[Date "2013.03.27"]
[Round "1"]
[White "Popovic, Dusan"]
[Black "Ojaos Penalver, Abel"]
[Result "1-0"]
[WhiteElo "2562"]
[BlackElo "1969"]
[PlyCount "57"]
[EventDate "2013.03.27"]
[EventRounds "9"]
[EventCountry "ESP"]

1. e4 c5 2. Nf3 d6 3. d4 cxd4 4. Nxd4 Nf6 5. Nc3 a6 6. Be3 Ng4 7. Bc1 Nf6 8. h3
e6 9. g4 b5 10. Bg2 Bb7 11. g5 Nfd7 12. f4 Nc5 13. b4 Ncd7 14. f5 e5 15. Nde2
Nb6 16. O-O Be7 17. f6 gxf6 18. Ng3 Rg8 19. Qh5 Qc7 20. Qxh7 Rf8 21. gxf6 Bxf6
22. Nh5 N8d7 23. Ne2 Qxc2 24. Bh6 Qxe2 25. Bxf8 O-O-O 26. Nxf6 Qe3+ 27. Kh2
Nxf6 28. Rxf6 Rxf8 29. Raf1 1-0

[Event "40º Torneo Internacional de Ajedrez de "]
[Site "La Roda (Albacete) - ESPAÑA"]
[Date "2013.03.27"]
[Round "1"]
[White "Costa Tejedor, Juan Carlos"]
[Black "Ibarra Jerez, Jose Carlos"]
[Result "0-1"]
[WhiteElo "1968"]
[BlackElo "2544"]
[PlyCount "52"]
[EventDate "2013.03.27"]
[EventRounds "9"]
[EventCountry "ESP"]

1. e4 c5 2. Nf3 e6 3. d4 cxd4 4. Nxd4 a6 5. Nc3 b5 6. Bd3 Qb6 7. Nb3 Qc7 8. Be3
Bb7 9. O-O Nf6 10. f3 d5 11. exd5 b4 12. Ne4 Nxd5 13. Bf2 Nd7 14. Re1 Be7 15.
Qd2 O-O 16. Bg3 e5 17. Kh1 h6 18. Qe2 Nf4 19. Bxf4 exf4 20. Rac1 Bh4 21. Red1
Ne5 22. Nec5 Nxd3 23. cxd3 Bd5 24. Nd4 Bf6 25. Nce6 Qd6 26. Nxf8 Bxd4 0-1

[Event "40º Torneo Internacional de Ajedrez de "]
[Site "La Roda (Albacete) - ESPAÑA"]
[Date "2013.03.27"]
[Round "1"]
[White "Moskalenko, Viktor"]
[Black "Plana Caballero, Miguel"]
[Result "1-0"]
[WhiteElo "2531"]
[BlackElo "1961"]
[PlyCount "67"]
[EventDate "2013.03.27"]
[EventRounds "9"]
[EventCountry "ESP"]

1. d4 d5 2. c4 c6 3. Nf3 Nf6 4. Nc3 e6 5. cxd5 exd5 6. Qc2 Bd6 7. Bg5 h6 8.
Bxf6 Qxf6 9. Nxd5 Qe6 10. Nc3 O-O 11. e3 b6 12. Bd3 Bb7 13. O-O Qe7 14. Rad1
Nd7 15. Rfe1 Rac8 16. Bh7+ Kh8 17. Bf5 Rfd8 18. e4 c5 19. d5 Be5 20. Nxe5 Nxe5
21. f4 Nd7 22. e5 Qh4 23. g3 Qh5 24. Nb5 g6 25. Be4 Nf8 26. Kg2 Qg4 27. h3 Qd7
28. Nd6 f5 29. Bf3 Qe7 30. Qc3 Kh7 31. Nxc8 Bxc8 32. e6 Rd6 33. b4 cxb4 34.
Qxc8 1-0

[Event "40º Torneo Internacional de Ajedrez de "]
[Site "La Roda (Albacete) - ESPAÑA"]
[Date "2013.03.27"]
[Round "1"]
[White "Boj Marques, Javier"]
[Black "Cabrera, Alexis"]
[Result "0-1"]
[WhiteElo "1945"]
[BlackElo "2529"]
[PlyCount "76"]
[EventDate "2013.03.27"]
[EventRounds "9"]
[EventCountry "ESP"]

1. e4 c5 2. Nf3 d6 3. Nc3 Nf6 4. d4 cxd4 5. Nxd4 a6 6. Be3 e6 7. f3 b5 8. Qd2
Nbd7 9. O-O-O b4 10. Nce2 d5 11. Ng3 dxe4 12. fxe4 Bb7 13. Bd3 Bd6 14. Bg5 Qc7
15. Rde1 h6 16. Be3 Ng4 17. Nde2 Nxe3 18. Qxe3 Bc5 19. Qf4 Qxf4+ 20. Nxf4 Ne5
21. Kb1 Ke7 22. Rhf1 Ng4 23. h3 Ne3 24. Rf2 e5 25. Nfh5 g6 26. Nf6 Nc4 27. Rfe2
Nxb2 28. Kxb2 Kxf6 29. Bc4 Ke7 30. Rd1 Bd4+ 31. Kb3 Rac8 32. Red2 Bc6 33. Ne2
Bc5 34. Bd5 a5 35. Bxc6 Rxc6 36. Rd7+ Ke6 37. Rb7 a4+ 38. Kb2 Rhc8 0-1

[Event "40º Torneo Internacional de Ajedrez de "]
[Site "La Roda (Albacete) - ESPAÑA"]
[Date "2013.03.27"]
[Round "1"]
[White "Libiszewski, Fabien"]
[Black "Roman Lopez, Jesus"]
[Result "1-0"]
[WhiteElo "2518"]
[BlackElo "1937"]
[PlyCount "63"]
[EventDate "2013.03.27"]
[EventRounds "9"]
[EventCountry "ESP"]

1. e4 e5 2. Nf3 Nc6 3. Bb5 Nf6 4. Nc3 Bc5 5. O-O O-O 6. Nxe5 Re8 7. Nd3 Bd4 8.
Nf4 Nxe4 9. Nxe4 Rxe4 10. d3 Re5 11. Ba4 d6 12. c3 Bb6 13. d4 Re8 14. d5 Ne5
15. Bxe8 Qxe8 16. Re1 Bg4 17. Qd2 Qd7 18. Nd3 Re8 19. Nxe5 dxe5 20. c4 Qf5 21.
b4 c5 22. a3 h6 23. Bb2 e4 24. Qc3 f6 25. h3 cxb4 26. Qg3 Bh5 27. axb4 e3 28.
fxe3 Qe4 29. Bxf6 Bg6 30. c5 gxf6 31. cxb6 axb6 32. Rad1 1-0

[Event "40º Torneo Internacional de Ajedrez de "]
[Site "La Roda (Albacete) - ESPAÑA"]
[Date "2013.03.27"]
[Round "1"]
[White "Orantes Taboada, Manuel"]
[Black "Khamrakulov, Ibragim S"]
[Result "0-1"]
[WhiteElo "1935"]
[BlackElo "2506"]
[PlyCount "48"]
[EventDate "2013.03.27"]
[EventRounds "9"]
[EventCountry "ESP"]

1. e4 c5 2. Nc3 Nc6 3. g3 g6 4. Bg2 Bg7 5. d3 d6 6. f4 e6 7. Nf3 Nge7 8. O-O
O-O 9. Be3 Rb8 10. d4 cxd4 11. Nxd4 Qb6 12. Na4 Qa5 13. b3 b5 14. Nxc6 Nxc6 15.
e5 bxa4 16. Bxc6 dxe5 17. Bxa4 exf4 18. Bxf4 Qc5+ 19. Rf2 Bd4 20. Qe1 Bb7 21.
c4 Rbd8 22. Rb1 g5 23. Bc1 Bxf2+ 24. Qxf2 Rd1# 0-1

[Event "40º Torneo Internacional de Ajedrez de "]
[Site "La Roda (Albacete) - ESPAÑA"]
[Date "2013.03.27"]
[Round "1"]
[White "Strikovic, Aleksa"]
[Black "Cross, Dominic"]
[Result "1-0"]
[WhiteElo "2500"]
[BlackElo "1934"]
[PlyCount "58"]
[EventDate "2013.03.27"]
[EventRounds "9"]
[EventCountry "ESP"]

1. c4 e5 2. Nc3 Nf6 3. Nf3 d6 4. d4 Nbd7 5. e4 Be7 6. Be2 O-O 7. O-O c6 8. Re1
Rb8 9. Rb1 a6 10. b4 Re8 11. a3 Qc7 12. Qc2 b6 13. Bb2 Bb7 14. Rbc1 Rbc8 15.
Qb3 c5 16. dxe5 Nxe4 17. Nd5 Bxd5 18. cxd5 Ng5 19. Bxa6 Nxf3+ 20. Qxf3 Nxe5 21.
Bxe5 dxe5 22. Bxc8 Rxc8 23. bxc5 Bxc5 24. a4 Qd7 25. Qe4 f6 26. Red1 Ra8 27.
Rc4 Ra5 28. d6 Bd4 29. g3 Qxd6 1-0

[Event "40º Torneo Internacional de Ajedrez de "]
[Site "La Roda (Albacete) - ESPAÑA"]
[Date "2013.03.27"]
[Round "1"]
[White "Castrillon Otero, Javier"]
[Black "Lopez Martinez, Josep Manuel"]
[Result "0-1"]
[WhiteElo "1933"]
[BlackElo "2500"]
[PlyCount "110"]
[EventDate "2013.03.27"]
[EventRounds "9"]
[EventCountry "ESP"]

1. d4 Nf6 2. c4 e6 3. Nc3 Bb4 4. f3 O-O 5. e4 d5 6. cxd5 exd5 7. e5 Nfd7 8. f4
c5 9. a3 Ba5 10. b4 cxb4 11. Nxd5 bxa3+ 12. Bd2 Nxe5 13. Bxa5 Qxa5+ 14. Qd2
Qxd5 15. fxe5 Nc6 16. Nf3 Bg4 17. Be2 Bxf3 18. Bxf3 Qxd4 19. Qxd4 Nxd4 20. O-O
Nxf3+ 21. Rxf3 Rfe8 22. Re3 b5 23. Rexa3 Rxe5 24. Rxa7 Rxa7 25. Rxa7 h5 26. Rb7
g5 27. Kf2 Kg7 28. Kf3 Kg6 29. Rb8 Rc5 30. h3 Rc3+ 31. Kf2 Rb3 32. Rc8 Kf6 33.
h4 gxh4 34. Rh8 Kg6 35. Rg8+ Kh7 36. Rg5 Kh6 37. Rf5 Kg6 38. Rf4 Rc3 39. Rxh4
Rc4 40. Rh1 b4 41. Ra1 b3 42. Ra6+ Kf5 43. Rb6 Rc3 44. Rb5+ Ke4 45. Ke2 f5 46.
Rb4+ Kd5 47. Kd2 Rg3 48. Kc1 Ke5 49. Rh4 Rxg2 50. Rxh5 Ke4 51. Rh8 b2+ 52. Kb1
f4 53. Re8+ Kf3 54. Re7 Re2 55. Rg7 Kf2 0-1

[Event "40º Torneo Internacional de Ajedrez de "]
[Site "La Roda (Albacete) - ESPAÑA"]
[Date "2013.03.27"]
[Round "1"]
[White "Ubilava, Elizbar"]
[Black "Garcia Martinez, Marcos"]
[Result "1-0"]
[WhiteElo "2495"]
[BlackElo "1928"]
[PlyCount "73"]
[EventDate "2013.03.27"]
[EventRounds "9"]
[EventCountry "ESP"]

1. d4 e6 2. c4 Bb4+ 3. Nc3 Nf6 4. Nf3 Qe7 5. Bd2 a5 6. g3 d6 7. Bg2 Bxc3 8.
Bxc3 Nbd7 9. O-O O-O 10. Qc2 c6 11. e4 e5 12. Rfe1 Ne8 13. b3 Nc7 14. a3 c5 15.
dxc5 dxc5 16. Red1 f6 17. Nh4 g6 18. Qd2 b6 19. f4 Rb8 20. Qd6 Qxd6 21. Rxd6
Ne8 22. Rd2 Kf7 23. Bh3 Ke7 24. Rad1 Rb7 25. Nf3 exf4 26. gxf4 Rc7 27. f5 Nb8
28. e5 Rd7 29. exf6+ Nxf6 30. Re1+ Kd8 31. fxg6 Rxd2 32. g7 Rg8 33. Bxf6+ Kc7
34. Bxc8 Rd3 35. Be6 Nd7 36. Bxg8 Nxf6 37. Bd5 1-0

[Event "40º Torneo Internacional de Ajedrez de "]
[Site "La Roda (Albacete) - ESPAÑA"]
[Date "2013.03.27"]
[Round "1"]
[White "Blesa Fernandez, Francisco"]
[Black "Perez Mitjans, Orelvis"]
[Result "0-1"]
[WhiteElo "1920"]
[BlackElo "2487"]
[PlyCount "66"]
[EventDate "2013.03.27"]
[EventRounds "9"]
[EventCountry "ESP"]

1. d4 d5 2. c4 Nc6 3. Nc3 dxc4 4. d5 Ne5 5. f4 Ng6 6. e4 e5 7. dxe6 Qxd1+ 8.
Kxd1 fxe6 9. Bxc4 Bd7 10. Nf3 Bd6 11. Nb5 Bxb5 12. Bxb5+ c6 13. Bc4 Bxf4 14.
Bxe6 Nf6 15. Re1 Bxc1 16. Kxc1 Nf4 17. Bc4 O-O-O 18. g3 Nd3+ 19. Bxd3 Rxd3 20.
Ne5 Rd4 21. Kc2 Re8 22. Nf3 Rdxe4 23. Rxe4 Rxe4 24. Re1 Rxe1 25. Nxe1 Kd7 26.
Kd3 Kd6 27. Kd4 c5+ 28. Kc4 Kc6 29. a4 Nd7 30. b3 Ne5+ 31. Kc3 Kd5 32. Nd3 Nxd3
33. Kxd3 b6 0-1

[Event "40º Torneo Internacional de Ajedrez de "]
[Site "La Roda (Albacete) - ESPAÑA"]
[Date "2013.03.27"]
[Round "1"]
[White "Campora, Daniel H"]
[Black "Cebrian Flores, Juan Antonio"]
[Result "1-0"]
[WhiteElo "2483"]
[BlackElo "1919"]
[PlyCount "103"]
[EventDate "2013.03.27"]
[EventRounds "9"]
[EventCountry "ESP"]

1. e4 c5 2. Nf3 e6 3. Be2 d6 4. O-O Nf6 5. Re1 Be7 6. c3 O-O 7. Bf1 Nbd7 8. d4
b6 9. Nbd2 Bb7 10. Bd3 e5 11. dxe5 dxe5 12. Qe2 a6 13. a4 Qc7 14. Nh4 g6 15. g3
Rfe8 16. Ng2 Rad8 17. Bxa6 Bxa6 18. Qxa6 Ra8 19. Qc4 Reb8 20. Ra3 Qb7 21. Ne3
Bf8 22. Nd5 Ne8 23. b3 Bh6 24. Qe2 b5 25. a5 Nc7 26. Nxc7 Qxc7 27. b4 Bf8 28.
Rb3 Ra6 29. Nf1 cxb4 30. cxb4 Qc4 31. Qb2 Rc8 32. Bd2 Rac6 33. Qb1 Qe6 34. f3
Qh3 35. Ne3 h5 36. Re2 h4 37. Qf1 Qe6 38. Rb1 Nf6 39. gxh4 Nh5 40. Nd5 f5 41.
Kh1 Nf6 42. Nxf6+ Qxf6 43. h5 g5 44. Bxg5 Qf7 45. Rg2 Kh7 46. Qxb5 Bg7 47. h6
Bh8 48. Qe2 Rg6 49. exf5 Qxf5 50. Qe4 Qe6 51. Be3 Qh3 52. Rbg1 1-0

[Event "40º Torneo Internacional de Ajedrez de "]
[Site "La Roda (Albacete) - ESPAÑA"]
[Date "2013.03.27"]
[Round "1"]
[White "Navarro Molina, Carmelo Jose"]
[Black "Munoz Pantoja, Miguel"]
[Result "0-1"]
[WhiteElo "1910"]
[BlackElo "2483"]
[PlyCount "84"]
[EventDate "2013.03.27"]
[EventRounds "9"]
[EventCountry "ESP"]

1. d4 c5 2. e3 Nf6 3. Nf3 g6 4. g3 Bg7 5. Bg2 O-O 6. O-O d6 7. Nc3 Nc6 8. d5
Na5 9. Re1 e5 10. e4 Ne8 11. Bg5 f6 12. Bd2 Nc4 13. Bc1 f5 14. b3 Nb6 15. Bg5
Bf6 16. Bxf6 Qxf6 17. Qd2 f4 18. h3 fxg3 19. fxg3 Bxh3 20. Rf1 Bxg2 21. Kxg2
Qe7 22. Qh6 Nf6 23. Qg5 a6 24. Nh4 Nfxd5 25. Qd2 Nxc3 26. Qxc3 d5 27. exd5 Nxd5
28. Qc4 Qe6 29. Kh2 b6 30. Rad1 Rxf1 31. Rxf1 Re8 32. Qe4 Nf6 33. Qe2 e4 34.
Ng2 e3 35. Nf4 Qe4 36. Re1 g5 37. Nh5 Nxh5 38. Qxh5 Qxc2+ 39. Re2 Qg6 40. Qf3
Qe6 41. Qb7 a5 42. Qf3 Kg7 0-1

[Event "40º Torneo Internacional de Ajedrez de "]
[Site "La Roda (Albacete) - ESPAÑA"]
[Date "2013.03.27"]
[Round "1"]
[White "Arribas Lopez, Angel"]
[Black "Trabazos Gallego, Javier"]
[Result "1-0"]
[WhiteElo "2478"]
[BlackElo "1907"]
[PlyCount "67"]
[EventDate "2013.03.27"]
[EventRounds "9"]
[EventCountry "ESP"]

1. e4 d5 2. exd5 Nf6 3. Bb5+ Bd7 4. Be2 Bf5 5. d4 Nxd5 6. a3 Nc6 7. c4 Nf6 8.
Be3 e5 9. d5 Nd4 10. Bxd4 exd4 11. Qxd4 Bd6 12. c5 Be7 13. Bb5+ Bd7 14. Nc3
Bxb5 15. Nxb5 a6 16. Nc3 O-O 17. O-O-O Nd7 18. Ne4 f5 19. d6 Bg5+ 20. Nxg5
Qxg5+ 21. Kb1 cxd6 22. Qd5+ Kh8 23. Nh3 Qf6 24. cxd6 Rfe8 25. Rhe1 Rad8 26. f4
h6 27. Rxe8+ Rxe8 28. Ng1 Kh7 29. Nf3 b5 30. Nd4 Re4 31. g3 Kg6 32. Nc6 Nb6 33.
Ne5+ Kh7 34. Qc6 1-0

[Event "40º Torneo Internacional de Ajedrez de "]
[Site "La Roda (Albacete) - ESPAÑA"]
[Date "2013.03.27"]
[Round "1"]
[White "Aguilera Quiztke, Alexandra"]
[Black "Starostits, Ilmars"]
[Result "0-1"]
[WhiteElo "1892"]
[BlackElo "2470"]
[PlyCount "106"]
[EventDate "2013.03.27"]
[EventRounds "9"]
[EventCountry "ESP"]

1. e4 c6 2. d4 d5 3. exd5 cxd5 4. Bd3 Nc6 5. c3 Qc7 6. h3 Nf6 7. Nf3 g6 8. Be3
Bf5 9. Qc2 Bxd3 10. Qxd3 Bg7 11. Nbd2 O-O 12. O-O a6 13. Rfe1 b5 14. Ne5 Nxe5
15. dxe5 Qxe5 16. Bc5 Ne4 17. Bd4 Qf5 18. Nxe4 dxe4 19. Qxe4 Bxd4 20. Qxd4 Rfd8
21. Qe3 e6 22. Rad1 Qc2 23. Rxd8+ Rxd8 24. Qb6 Qd2 25. Re3 Rd6 26. Qb8+ Kg7 27.
Qc7 Qd1+ 28. Kh2 Qd5 29. Kg1 h5 30. Rf3 Rd7 31. Qc8 Rd8 32. Qc7 Qd1+ 33. Kh2
Qd6+ 34. Qxd6 Rxd6 35. b3 Rd2 36. a4 bxa4 37. bxa4 Ra2 38. c4 Rc2 39. Rf4 g5
40. Rd4 Rxf2 41. Rd6 a5 42. Ra6 Rf5 43. Rb6 Kf6 44. Rb5 Rf4 45. Rc5 e5 46. Rc6+
Kf5 47. Rc7 Ke4 48. Ra7 Kd3 49. Rxa5 e4 50. Re5 e3 51. a5 Rxc4 52. a6 Ra4 53.
Rd5+ Ke4 0-1

[Event "40º Torneo Internacional de Ajedrez de "]
[Site "La Roda (Albacete) - ESPAÑA"]
[Date "2013.03.27"]
[Round "1"]
[White "Garza Marco, Sergio"]
[Black "Santamaria Baeza, Adolfo"]
[Result "1-0"]
[WhiteElo "2449"]
[BlackElo "1891"]
[PlyCount "67"]
[EventDate "2013.03.27"]
[EventRounds "9"]
[EventCountry "ESP"]

1. d4 Nf6 2. c4 e6 3. Nc3 Bb4 4. Bg5 c6 5. Nf3 Qa5 6. Bd2 d5 7. e3 Nbd7 8. Qc2
dxc4 9. Bxc4 Nb6 10. Bd3 Nbd5 11. O-O Bxc3 12. bxc3 Qc7 13. c4 Ne7 14. e4 b6
15. a4 Ng6 16. a5 Bd7 17. axb6 Qxb6 18. Rfb1 Qc7 19. e5 Ng4 20. Bb4 Qd8 21. Bd6
Ne7 22. Rb7 a6 23. Rab1 Nc8 24. Bc5 h5 25. Be4 Qa5 26. h3 Nh6 27. Rxd7 Kxd7 28.
Bxc6+ Kxc6 29. Qe4+ Kd7 30. Rb7+ Kd8 31. Qc6 Qa1+ 32. Kh2 Ng4+ 33. Kg3 h4+ 34.
Kxg4 1-0

[Event "40º Torneo Internacional de Ajedrez de "]
[Site "La Roda (Albacete) - ESPAÑA"]
[Date "2013.03.27"]
[Round "1"]
[White "Farre Selma, David"]
[Black "Pilgaard, Kim"]
[Result "0-1"]
[WhiteElo "1889"]
[BlackElo "2432"]
[PlyCount "88"]
[EventDate "2013.03.27"]
[EventRounds "9"]
[EventCountry "ESP"]

1. e4 e5 2. Nf3 Nc6 3. Bc4 Nf6 4. d3 Be7 5. Nc3 d6 6. h3 O-O 7. d4 Nxe4 8. Nxe4
d5 9. Nxe5 Nxe5 10. dxe5 dxc4 11. O-O Qxd1 12. Rxd1 Bf5 13. Re1 Rad8 14. Bf4
Rd4 15. f3 Rfd8 16. Be3 R4d5 17. Nc3 Rxe5 18. Bxa7 Bf6 19. Rxe5 Bxe5 20. Bf2
Bxc2 21. Re1 f6 22. g3 Kf7 23. f4 Bd4 24. Bxd4 Rxd4 25. Nb5 Rd7 26. Rc1 Ba4 27.
Nc3 Bc6 28. Rc2 Rd3 29. Kh2 b5 30. a3 h5 31. h4 Rf3 32. Rd2 Rf1 33. Nd5 Rb1 34.
Kh3 Bxd5 35. Rxd5 Rxb2 36. Rc5 Ke6 37. Rxc7 Kd6 38. Rxg7 c3 39. Rg8 c2 40. Rc8
f5 41. Rc3 Kd5 42. g4 fxg4+ 43. Kg3 Kd4 44. Rc8 Rb3+ 0-1

[Event "40º Torneo Internacional de Ajedrez de "]
[Site "La Roda (Albacete) - ESPAÑA"]
[Date "2013.03.28"]
[Round "2"]
[White "Korneev, Oleg"]
[Black "Munoz Navarro, Alberto"]
[Result "1-0"]
[WhiteElo "2609"]
[BlackElo "2177"]
[PlyCount "37"]
[EventDate "2013.03.27"]
[EventRounds "9"]
[EventCountry "ESP"]

1. e4 c5 2. Nf3 Nc6 3. d4 cxd4 4. Nxd4 Nf6 5. Nc3 e6 6. Ndb5 Bb4 7. a3 Bxc3+ 8.
Nxc3 d5 9. exd5 exd5 10. Bd3 O-O 11. O-O d4 12. Ne2 Re8 13. Bg5 Re5 14. Bh4 Bg4
15. f3 Bh5 16. Qd2 Bg6 17. f4 Rh5 18. Bxf6 Qxf6 19. f5 1-0

[Event "40º Torneo Internacional de Ajedrez de "]
[Site "La Roda (Albacete) - ESPAÑA"]
[Date "2013.03.28"]
[Round "2"]
[White "Picazo Lopez, Juan Antonio"]
[Black "Burmakin, Vladimir"]
[Result "1/2-1/2"]
[WhiteElo "2156"]
[BlackElo "2577"]
[PlyCount "122"]
[EventDate "2013.03.27"]
[EventRounds "9"]
[EventCountry "ESP"]

1. d4 d5 2. c4 e6 3. cxd5 exd5 4. Nc3 c6 5. Qc2 Bd6 6. Nf3 Ne7 7. Bg5 h6 8.
Bxe7 Bxe7 9. e3 Nd7 10. Bd3 Bd6 11. O-O O-O 12. Rab1 a5 13. a3 Qe7 14. e4 dxe4
15. Nxe4 Nf6 16. Ng3 Bxg3 17. hxg3 Be6 18. Rfe1 Qc7 19. Bf5 Bd5 20. Ne5 Qb6 21.
Qc5 Qxc5 22. dxc5 a4 23. Rbc1 Ra5 24. Nd7 Nxd7 25. Bxd7 Rb5 26. Re2 g6 27. Bg4
Rd8 28. Rd2 Kf8 29. Bd1 Ra8 30. Be2 Rba5 31. Rd4 Re8 32. Bd3 Bb3 33. f4 Raa8
34. Kf2 Rad8 35. Rxd8 Rxd8 36. Ke3 h5 37. Be2 Ke7 38. g4 h4 39. g5 Bd5 40. Kf2
Bb3 41. Ke3 Rh8 42. Bg4 Be6 43. Kf3 Bd5+ 44. Kf2 Rb8 45. Bf3 Rd8 46. Re1+ Be6
47. Ke3 Bb3 48. Be4 Bd5 49. Rd1 Ke6 50. Rd4 Rd7 51. Rxa4 Bxe4 52. Rxe4+ Kf5 53.
Rb4 Kg4 54. Kf2 Rd5 55. Kg1 Rxc5 56. Rxb7 Rc1+ 57. Kh2 Rc2 58. Rxf7 h3 59. f5
Rxg2+ 60. Kh1 Rxb2 61. fxg6 Kg3 1/2-1/2

[Event "40º Torneo Internacional de Ajedrez de "]
[Site "La Roda (Albacete) - ESPAÑA"]
[Date "2013.03.28"]
[Round "2"]
[White "Sedlak, Nikola"]
[Black "Santos Ruiz, Miguel"]
[Result "1-0"]
[WhiteElo "2577"]
[BlackElo "2153"]
[PlyCount "113"]
[EventDate "2013.03.27"]
[EventRounds "9"]
[EventCountry "ESP"]

1. d4 e6 2. e4 d5 3. Nc3 Nf6 4. e5 Nfd7 5. Qg4 c5 6. Nb5 cxd4 7. Nf3 Nc6 8. Bf4
Qa5+ 9. Bd2 Qb6 10. Nd6+ Bxd6 11. Qxg7 Bxe5 12. Nxe5 Rf8 13. Nd3 Qd8 14. O-O-O
Qf6 15. Qg3 Nde5 16. Nxe5 Qxe5 17. Bf4 Qf6 18. Bb5 Bd7 19. Bxc6 Bxc6 20. Bd6
Rh8 21. Kb1 Qg6 22. Be5 Rg8 23. Bxd4 Rc8 24. Bxa7 Ba4 25. Qxg6 Rxg6 26. b3 Bb5
27. g3 Be2 28. Rd2 Bf3 29. Re1 Rg5 30. Kb2 h5 31. Rd4 Rf5 32. Rb4 Rc7 33. Bb8
Rd7 34. Re5 Be4 35. Rxf5 Bxf5 36. Rh4 Bg6 37. Be5 Kd8 38. h3 Kc8 39. g4 hxg4
40. hxg4 b6 41. a4 d4 42. g5 d3 43. cxd3 Bxd3 44. Bd4 Kb7 45. Be3 Rd5 46. Kc3
Ka6 47. Rh8 Kb7 48. Re8 Rd7 49. b4 Bg6 50. b5 Bh5 51. Kb4 Bg6 52. Rh8 Rd1 53.
Rh4 Rb1+ 54. Kc3 Rd1 55. Rc4 Ra1 56. Kb3 Bh5 57. Kb2 1-0

[Event "40º Torneo Internacional de Ajedrez de "]
[Site "La Roda (Albacete) - ESPAÑA"]
[Date "2013.03.28"]
[Round "2"]
[White "Fernandez Fernandez, Juan Carl"]
[Black "Popovic, Dusan"]
[Result "0-1"]
[WhiteElo "2151"]
[BlackElo "2562"]
[PlyCount "56"]
[EventDate "2013.03.27"]
[EventRounds "9"]
[EventCountry "ESP"]

1. d4 d6 2. c4 g6 3. Nc3 Bg7 4. e4 Nf6 5. f3 O-O 6. Be3 e5 7. d5 Nh5 8. Qd2 f5
9. O-O-O a6 10. exf5 gxf5 11. Bd3 Nd7 12. Nge2 Nc5 13. Bc2 b5 14. Ng3 Nf4 15.
Nce2 bxc4 16. Bxf4 exf4 17. Nh5 Be5 18. Nhxf4 Rb8 19. Nc3 c6 20. Nfe2 Qb6 21.
Bb1 cxd5 22. Qxd5+ Be6 23. Qd2 Nd3+ 24. Bxd3 cxd3 25. Na4 Qc6+ 26. Nec3 Rfc8
27. Rhe1 Qxa4 28. Rxe5 Rxc3+ 0-1

[Event "40º Torneo Internacional de Ajedrez de "]
[Site "La Roda (Albacete) - ESPAÑA"]
[Date "2013.03.28"]
[Round "2"]
[White "Ibarra Jerez, Jose Carlos"]
[Black "Lara Lopez, Sergio"]
[Result "1/2-1/2"]
[WhiteElo "2544"]
[BlackElo "2146"]
[PlyCount "90"]
[EventDate "2013.03.27"]
[EventRounds "9"]
[EventCountry "ESP"]

1. e4 e6 2. d4 d5 3. Nc3 Bb4 4. e5 c5 5. Bd2 Ne7 6. dxc5 Bxc5 7. Na4 Bb6 8. Qg4
Bd7 9. Nxb6 Qxb6 10. O-O-O Ng6 11. f4 Nc6 12. Kb1 Rc8 13. Nf3 Nce7 14. Bd3 Bb5
15. Be3 Qa6 16. Bxb5+ Qxb5 17. Nd4 Qc4 18. Rd3 O-O 19. Rc3 Qa4 20. Ra3 Qc4 21.
Qd1 a6 22. Qd2 Nc6 23. Rc3 Qa4 24. b3 Qa5 25. Nxc6 Rxc6 26. Rxc6 Qxd2 27. Bxd2
bxc6 28. Re1 Nh4 29. Re2 Rc8 30. Be1 Nf5 31. Bf2 c5 32. g4 Ne7 33. c3 Kf8 34.
Re3 Ke8 35. Rf3 Kd7 36. f5 Nc6 37. Bg3 d4 38. Kc2 dxc3 39. Kxc3 Nd4 40. Rf2 Kc6
41. fxe6 fxe6 42. Kc4 Rd8 43. Rf7 Nb5 44. Bf2 Rd2 45. a4 Na3+ 1/2-1/2

[Event "40º Torneo Internacional de Ajedrez de "]
[Site "La Roda (Albacete) - ESPAÑA"]
[Date "2013.03.28"]
[Round "2"]
[White "Krug Cortegoso, Rodolfo Martin"]
[Black "Moskalenko, Viktor"]
[Result "1/2-1/2"]
[WhiteElo "2144"]
[BlackElo "2531"]
[PlyCount "72"]
[EventDate "2013.03.27"]
[EventRounds "9"]
[EventCountry "ESP"]

1. Nf3 d5 2. d4 c6 3. c4 e6 4. g3 Bd6 5. Bg2 f5 6. O-O Nf6 7. Qc2 O-O 8. Nc3
Ne4 9. Rb1 Nd7 10. b4 b5 11. cxb5 Nxc3 12. Qxc3 cxb5 13. Bg5 Qb6 14. Rfc1 Qb8
15. Qc6 Nb6 16. Qxb5 Bd7 17. Qa5 Nc4 18. Rxc4 dxc4 19. Ne5 Bxe5 20. dxe5 Qb6
21. Bxa8 Rxa8 22. Qa3 Bc6 23. Be3 Qb5 24. Qc3 a5 25. f3 Bd5 26. a3 h6 27. Kf2
Kh7 28. Qc2 axb4 29. axb4 Kg8 30. Bc5 Ra3 31. Qc1 Rb3 32. Rxb3 cxb3 33. Qd2 Kh7
34. h3 Qc4 35. Bd4 g5 36. Qc3 Qxc3 1/2-1/2